Chansons 🎶 en emojis 🎤 #6 - Statistiques

Statistiques générales
  • Ce quiz a été pris 908 fois
  • Le résultat moyen est 4 sur 10
Statistiques - réponses
Titre % Correct
🍫 Chocolat Lartiste
98%
🧟 Zombie Maître Gims
89%
👊 2️⃣ ♥️ Coup de cœur Kenza Farah & Soprano
61%
👊 🤕 Coups et blessures BB Brunes
49%
⏳ 🏃 Le temps qui court Alain Chamfort
35%
👋 👋 Bye-bye Tragédie
31%
🟦 ⬛️ Bleu noir Mylène Farmer
25%
🖍 🙋 🐑 Dessine-moi un mouton Mylène Farmer
23%
🎄 🚫 Noël interdit Johnny Hallyday
14%
🔪 ➡️ 💧 L'âme dans l'eau Mylène Farmer
2%
Aucun quiz correspondant
Distribution des résultats
% des personnes avec chaque résultat
Percentile par nombre de réponses
Votre historique - résultats
Vous n’avez pas pris ce quiz